|
|
|
|
| LEADER |
00000nab a2200000 ar4500 |
| 001 |
vtls009181186 |
| 003 |
SK-MaSNL |
| 005 |
20260305002225.0 |
| 008 |
080206c2007 xo |r|p||||||||00 b|slo |
| 015 |
|
|
|a SNBRB2008/02
|2 snkbucl
|
| 038 |
|
|
|a SNKBUCL
|
| 040 |
|
|
|a SNKBUCL
|b slo
|e AACR2
|c SNKBUCL
|
| 041 |
0 |
|
|a slo
|
| 044 |
|
|
|a xo
|c SK
|
| 080 |
|
|
|a 78.071.1/.2:784.66
|2 2001
|
| 080 |
|
|
|a 784.66
|x (437.6)
|2 2001
|
| 080 |
|
|
|a 929 Lehotský, Ján
|2 2001
|
| 100 |
1 |
|
|a Horváthová-Čisáriková, Alena
|4 aut
|4 ivr
|9 326485
|
| 245 |
1 |
0 |
|a Večne mladý muzikant
|c Alena Horváthová-Čisáriková, Janko Lehotský
|
| 300 |
|
|
|b Fotogr.
|
| 600 |
1 |
7 |
|a Lehotský, Ján,
|d 1947-
|2 snkbucl
|9 105633
|
| 655 |
|
7 |
|a rozhovory
|2 snkbucl
|9 31831
|
| 700 |
1 |
|
|a Lehotský, Ján,
|d 1947-
|4 aut
|4 ive
|9 105633
|
| 773 |
0 |
|
|t Slovenka
|g Roč. 60, č. 16 (2007), s. 14-15
|x 0231-6676
|
| 852 |
|
|
|a SNK
|b KIS3GCP
|
| 958 |
|
|
|a BX
|
| 999 |
|
|
|c 3224513
|d 3226443
|